| 000 | 01010nam a22002297a 4500 | ||
|---|---|---|---|
| 999 |
_c2505 _d2505 |
||
| 003 | AR-CdUCM | ||
| 008 | 190304b ||||| |||| 00| 0 spa d | ||
| 040 |
_aMUNICIPALIDAD PROVINCIAL DEL CUSCO _cBIBLIOTECA MUNICIPAL DEL CUSCO |
||
| 082 |
_a371.3 / _bSO66 |
||
| 100 |
_aSolís Salcedo, Javier _98911 |
||
| 245 | _aMetodología y técnicas de estudio (saber estudiar) / | ||
| 260 |
_aTarapoto : _bfactum Four S.R.Ltda., _c1990. |
||
| 300 |
_a116 páginas ; _bilustraciones, diagramas ; _c19.5 cm. |
||
| 505 | _aContenido: El proceso de aprendizaje -- Tipos de aprendizaje -- Tipos de experiencia -- Limitaciones y obstáculos -- Desarrollo del proceso del pensar-- Aprendiendo a estudiar -- Técnicas auxiliares del estudio -- El trabajo de grupo ... | ||
| 650 |
_aMetodología para estudiar _98912 |
||
| 650 |
_aTécnicas de estudio _98913 |
||
| 650 |
_aLimitaciones en el estudio _98914 |
||
| 650 |
_aLectura _92069 |
||
| 650 |
_aRedacción _91126 |
||
| 942 |
_2ddc _cLIBROS |
||
| 945 |
_alccs _d2019-03-04 |
||